00668nam a2200217Ia 4500003000400000005001700004008004100021020001800062040001800080041000800098082002000106100002400126245008600150250001200236260004400248300003500292650003800327650002200365650004000387700002300427OSt20260127145957.0210716s2011 xx 000 0 und d a9788131759356 cAIMIT LIBRARY aeng a332.1 26bMISF aMishkin, Frederic S aFinancial markets and institutions /cBy Frederic S Mishkin and Stanley G Eakins. a6th ed. aNew Delhi :bPearson Education ,c2011. axxxix,675,I10p. ;bPBc25.9 cm aFundamentals of financial markets aFinancial markets aThe financial institutions industry aEakins, Stanley G.